000 00277nam a2200097Ia 4500
008 171211s9999 xx 000 0 und d
245 _aSubmarine Torpedo Tactics: An American History
245 _cEdward Monroe Jones and Shawn S. Roderick
260 _c2014
650 _xMilitary
999 _c348329
_d348329